Оценка термодинамической вероятности протекания реакций образования нафтенов перераспределением водорода в циклоолефинах при переработке на цеолите; Химия и химическая технология в XXI веке; Т. 2

Detalles Bibliográficos
Parent link:Химия и химическая технология в XXI веке: материалы XXII Международной научно-практической конференции студентов и молодых ученых имени выдающихся химиков Л. П. Кулёва и Н. М. Кижнера, посвященной 125-летию со дня основания Томского политехнического университета, Томск, 17-20 мая 2021 г./ Национальный исследовательский Томский политехнический университет (ТПУ) ; Инженерная школа природных ресурсов ; Исследовательская школа химических и биомедицинских технологий.— , 2021
Т. 2.— 2021.— [С. 29-30]
Autor principal: Багдасарян Н. С.
Autor Corporativo: Национальный исследовательский Томский политехнический университет Инженерная школа природных ресурсов Отделение химической инженерии
Otros Autores: Алтынов А. А. Андрей Андреевич (научный руководитель)
Sumario:Заглавие с титульного экрана
Lenguaje:ruso
Publicado: 2021
Colección:Технология и моделирование процессов подготовки и переработки углеводородного сырья
Materias:
Acceso en línea:http://earchive.tpu.ru/handle/11683/67709
Formato: Electrónico Capítulo de libro
KOHA link:https://koha.lib.tpu.ru/cgi-bin/koha/opac-detail.pl?biblionumber=632886

MARC

LEADER 00000naa2a2200000 4500
001 632886
005 20231101133732.0
035 |a (RuTPU)RU\TPU\conf\34608 
035 |a RU\TPU\conf\34605 
090 |a 632886 
100 |a 20210526d2021 k y0rusy50 ca 
101 0 |a rus 
102 |a RU 
105 |a y z 101zy 
135 |a drcn ---uucaa 
181 0 |a i  
182 0 |a b 
200 1 |a Оценка термодинамической вероятности протекания реакций образования нафтенов перераспределением водорода в циклоолефинах при переработке на цеолите  |f Н. С. Багдасарян, А. А. Алтынов  |g науч. рук. А. А. Алтынов 
203 |a Текст  |c электронный 
225 1 |a Технология и моделирование процессов подготовки и переработки углеводородного сырья 
230 |a 1 компьютерный файл (pdf; 1 400 Kb) 
300 |a Заглавие с титульного экрана 
320 |a [Библиогр.: с. 30 (2 назв.)] 
461 1 |0 (RuTPU)RU\TPU\conf\34506  |t Химия и химическая технология в XXI веке  |o материалы XXII Международной научно-практической конференции студентов и молодых ученых имени выдающихся химиков Л. П. Кулёва и Н. М. Кижнера, посвященной 125-летию со дня основания Томского политехнического университета, Томск, 17-20 мая 2021 г.  |o в 2 т.  |f Национальный исследовательский Томский политехнический университет (ТПУ) ; Инженерная школа природных ресурсов ; Исследовательская школа химических и биомедицинских технологий  |d 2021 
463 1 |0 (RuTPU)RU\TPU\conf\34508  |t Т. 2  |v [С. 29-30]  |d 2021 
610 1 |a труды учёных ТПУ 
610 1 |a электронный ресурс 
610 1 |a термодинамическая вероятность 
610 1 |a реакции 
610 1 |a образование 
610 1 |a нафтены 
610 1 |a перераспределение 
610 1 |a водород 
610 1 |a циклоолефины 
610 1 |a переработка 
610 1 |a цеолиты 
610 1 |a цеолитные катализаторы 
610 1 |a цеоформинг 
700 1 |a Багдасарян  |b Н. С. 
701 1 |a Алтынов  |b А. А.  |c химик  |c инженер-исследователь Томского политехнического университета  |f 1994-  |g Андрей Андреевич  |2 stltpush  |3 (RuTPU)RU\TPU\pers\46561 
702 1 |a Алтынов  |b А. А.  |c химик  |c инженер-исследователь Томского политехнического университета  |f 1994-  |g Андрей Андреевич  |2 stltpush  |4 727 
712 0 2 |a Национальный исследовательский Томский политехнический университет  |b Инженерная школа природных ресурсов  |b Отделение химической инженерии  |h 8085  |2 stltpush  |3 (RuTPU)RU\TPU\col\23513 
801 2 |a RU  |b 63413507  |c 20210625  |g RCR 
856 4 |u http://earchive.tpu.ru/handle/11683/67709 
942 |c BK